000 01441nam a22003377a 4500
001 BR9000941
003 BR-BrBNA
005 20230928093402.0
007 ta
008 230509b bl.||||| |||| 00| 0 por d
040 _aBR-BrBNA
_bpor
_cBiblioteca Nacional de Agricultura
041 _a(Por)
072 _aF01; F04
_b2480
_b3530
_b3820
_b3810
_b3690
090 _ 2480 BR9000941
100 1 _aPereira, J. da P.
110 1 _aEscola Superior de Agricultura Luiz de Queiroz, Piracicaba, SP (Brasil)
_0Tese (Mestrado)
245 1 _aCrescimento de mudas enxertadas de seringueira (Hevea spp)nas condicoes de sombra e a pleno sol, em funcao da adubacao nitrogenada e potassica, na presenca e ausencia da fosfatada e de acido giberelico, em solo podzolizado, variacao Marilia
246 1 _aShaded and unshaded hevea (Hevea spp)grafted plants growth as a function of nitrogened and potassic fertilization, with and without phosphated and gibberelic acid in podzolized soil, variation Marilia
260 3 _aPiracicaba, SP (Brasil):
_c1989.
300 _a140 p.
500 _aSummaries (Eng, Por); 34 tables; 12 illus.; Bibliography p. 129-140 (60 ref.)
650 _aSERINGUEIRA
650 _aSEMENTE
650 _aCRESCIMENTO
650 _aFERTILIZANTE NITROGENADO
650 _aFERTILIZANTE POTASSICO
650 _aFERTILIZANTE FOSFATADO
650 _aACIDO GIBERELICO
909 _a202309
_bLucia
_c55
_dLucia Elande
942 _cBK
999 _c44681
_d44681